[Event "Stay Safe Play From Home 313"]
[Site "Emanuel Lasker Arena"]
[Date "2020.07.19"]
[Round "5"]
[White "AChessPlayer"]
[Black "Haxhi Baha"]
[Result "0-1"]
[WhiteElo "2435"]
[BlackElo "1929"]
[PlyCount "68"]
[EventDate "2020.07.19"]
[EventType "swiss (blitz)"]

1. Nf3 {[%emt 0:00:02]} e6 {[%emt 0:00:01]} 2. b3 {[%emt 0:00:00]} d5 {[%emt 0:00:00]} 3. Bb2 {[%emt 0:00:00]} c6 {[%emt 0:00:00]} 4. c4 {[%emt 0:00:01]} Nf6 {[%emt 0:00:00]} 5. e3 {[%emt 0:00:00]} Be7 {[%emt 0:00:01]} 6. g4 {[%emt 0:00:01]} O-O {[%emt 0:00:01]} 7. g5 {[%emt 0:00:01]} Ne4 {[%emt 0:00:01]} 8. h4 {[%emt 0:00:00]} dxc4 {[%emt 0:00:02]} 9. bxc4 {[%emt 0:00:01]} b5 {[%emt 0:00:01]} 10. Qc2 {[%emt 0:00:01]} f5 {[%emt 0:00:03]} 11. gxf6 {[%emt 0:00:01]} Nxf6 {[%emt 0:00:01]} 12. Bd3 {[%emt 0:00:01]} Nbd7 {[%emt 0:00:01]} 13. Ng5 {[%emt 0:00:01]} Nc5 {[%emt 0:00:02]} 14. Bxh7+ {[%emt 0:00:02]} Kh8 {[%emt 0:00:01]} 15. Bg6 {[%emt 0:00:01]} e5 {[%emt 0:00:03]} 16. Bxe5 {[%emt 0:00:01]} bxc4 {[%emt 0:00:05]} 17. Qxc4 {[%emt 0:00:02]} Ng4 {[%emt 0:00:04]} 18. Nf7+ {[%emt 0:00:08]} Rxf7 {[%emt 0:00:01]} 19. Qxf7 {[%emt 0:00:00]} Nxe5 {[%emt 0:00:01]} 20. Qxe7 {[%emt 0:00:06]} Qxe7 {[%emt 0:00:02]} 21. Bc2 {[%emt 0:00:00]} Ned3+ {[%emt 0:00:01]} 22. Bxd3 {[%emt 0:00:00]} Nxd3+ {[%emt 0:00:00]} 23. Ke2 {[%emt 0:00:00]} Ne5 {[%emt 0:00:00]} 24. Nc3 {[%emt 0:00:01]} Ba6+ {[%emt 0:00:00]} 25. Ke1 {[%emt 0:00:01]} Nf3+ {[%emt 0:00:01]} 26. Kd1 {[%emt 0:00:01]} Rd8 {[%emt 0:00:00]} 27. d4 {[%emt 0:00:02]} Nxd4 {[%emt 0:00:01]} 28. exd4 {[%emt 0:00:00]} Rxd4+ {[%emt 0:00:00]} 29. Kc2 {[%emt 0:00:00]} Qc5 {[%emt 0:00:03]} 30. Rae1 {[%emt 0:00:01]} Rc4 {[%emt 0:00:01]} 31. Re3 {[%emt 0:00:01]} Qa3 {[%emt 0:00:01]} 32. Kd2 {[%emt 0:00:02]} Qb2+ {[%emt 0:00:01]} 33. Kd1 {[%emt 0:00:01]} Rxc3 {[%emt 0:00:00]} 34. Rxc3 {[%emt 0:00:00]} Qxc3 {[%emt 0:00:00] AChessPlayer resigns (Lag: Av=1.13s, max=3.2s)} 0-1

[Event "Stay Safe Play From Home 313"]
[Site "Emanuel Lasker Arena"]
[Date "2020.07.19"]
[Round "5"]
[White "Rogan"]
[Black "GIULIO19031975"]
[Result "1-0"]
[WhiteElo "2228"]
[BlackElo "1777"]
[Annotator "NA"]
[PlyCount "67"]
[EventDate "2020.07.19"]
[EventType "swiss (blitz)"]

1. d4 {[%emt 0:00:03]} d5 {[%emt 0:00:01]} 2. c3 {[%emt 0:00:00]} e6 {[%emt 0:00:00]} 3. Nf3 {[%emt 0:00:01]} c6 {[%emt 0:00:00]} 4. Bg5 {[%emt 0:00:00]} Nf6 {[%emt 0:00:00]} 5. e3 {[%emt 0:00:01]} Be7 {[%emt 0:00:00]} 6. Bd3 {[%emt 0:00:00]} Nbd7 {[%emt 0:00:03]} 7. Qc2 {[%emt 0:00:00]} Qb6 {[%emt 0:00:01]} 8. Nbd2 {[%emt 0:00:01]} h6 {[%emt 0:00:00]} 9. Bh4 {[%emt 0:00:01]} g5 {[%emt 0:00:01]} 10. Bg3 {[%emt 0:00:01]} g4 {[%emt 0:00:01]} 11. Ne5 {[%emt 0:00:01]} h5 {[%emt 0:00:01]} 12. h3 {[%emt 0:00:02]} h4 {[%emt 0:00:01]} 13. Nxd7 {[%emt 0:00:02]} Bxd7 {[%emt 0:00:01]} 14. Be5 {[%emt 0:00:01]} gxh3 {[%emt 0:00:01]} 15. Rxh3 {[%emt 0:00:01]} O-O-O {[%emt 0:00:01]} 16. Nf3 {[%emt 0:00:03]} Rhg8 {[%emt 0:00:01]} 17. Nxh4 {[%emt 0:00:02]} Ne4 {[%emt 0:00:02]} 18. Bxe4 {[%emt 0:00:01]} Bxh4 {[%emt 0:00:01]} 19. Rxh4 {[%emt 0:00:02]} dxe4 {[%emt 0:00:01]} 20. g3 {[%emt 0:00:02]} Rdf8 {[%emt 0:00:03]} 21. O-O-O {[%emt 0:00:01]} f6 {[%emt 0:00:01]} 22. Bd6 {[%emt 0:00:00]} Rd8 {[%emt 0:00:02]} 23. Qxe4 {[%emt 0:00:02]} f5 {[%emt 0:00:01]} 24. Qe5 {[%emt 0:00:01]} Be8 {[%emt 0:00:03]} 25. Rh7 {[%emt 0:00:02]} Rd7 {[%emt 0:00:05]} 26. Rdh1 {[%emt 0:00:03]} Qb5 {[%emt 0:00:05]} 27. Qxb5 {[%emt 0:00:05]} cxb5 {[%emt 0:00:01]} 28. Rxd7 {[%emt 0:00:00]} Kxd7 {[%emt 0:00:01]} 29. Be5 {[%emt 0:00:01]} Kc6 {[%emt 0:00:02]} 30. Rh7 {[%emt 0:00:01]} Kd5 {[%emt 0:00:01]} 31. f3 {[%emt 0:00:01]} Bc6 {[%emt 0:00:02]} 32. Kd2 {[%emt 0:00:01]} Rf8 {[%emt 0:00:07]} 33. Kd3 {[%emt 0:00:01]} f4 {[%emt 0:00:01]} 34. e4# {[%emt 0:00:01] (Lag: Av=0.57s, max=0.7s)} 1-0

[Event "Stay Safe Play From Home 313"]
[Site "Emanuel Lasker Arena"]
[Date "2020.07.19"]
[Round "5"]
[White "Tumnik_ad"]
[Black "Trotsky"]
[Result "0-1"]
[WhiteElo "1961"]
[BlackElo "1580"]
[Annotator "NA"]
[PlyCount "74"]
[EventDate "2020.07.19"]
[EventType "swiss (blitz)"]

1. c3 {[%emt 0:00:04]} c5 {[%emt 0:00:01]} 2. d3 {[%emt 0:00:00]} e6 {[%emt 0:00:00]} 3. Nd2 {[%emt 0:00:00]} d5 {[%emt 0:00:01]} 4. h3 {[%emt 0:00:00]} Nc6 {[%emt 0:00:01]} 5. g4 {[%emt 0:00:00]} Bd6 {[%emt 0:00:01]} 6. Bg2 {[%emt 0:00:00]} Qc7 {[%emt 0:00:01]} 7. Nf1 {[%emt 0:00:00]} Nf6 {[%emt 0:00:01]} 8. Nf3 {[%emt 0:00:01]} Bd7 {[%emt 0:00:01]} 9. g5 {[%emt 0:00:00]} Ng8 {[%emt 0:00:05]} 10. h4 {[%emt 0:00:00]} O-O-O {[%emt 0:00:01]} 11. a4 {[%emt 0:00:04]} f6 {[%emt 0:00:01]} 12. gxf6 {[%emt 0:00:01]} Nxf6 {[%emt 0:00:01]} 13. Bg5 {[%emt 0:00:01]} h6 {[%emt 0:00:02]} 14. Bxf6 {[%emt 0:00:01]} gxf6 {[%emt 0:00:01]} 15. Bh3 {[%emt 0:00:00]} e5 {[%emt 0:00:01]} 16. Bxd7+ {[%emt 0:00:01]} Qxd7 {[%emt 0:00:01]} 17. Qd2 {[%emt 0:00:01]} Kb8 {[%emt 0:00:01]} 18. Ne3 {[%emt 0:00:01]} e4 {[%emt 0:00:03]} 19. dxe4 {[%emt 0:00:03]} dxe4 {[%emt 0:00:01]} 20. Nh2 {[%emt 0:00:02]} Qc7 {[%emt 0:00:01]} 21. Nd5 {[%emt 0:00:02]} Qa5 {[%emt 0:00:05]} 22. O-O-O {[%emt 0:00:05]} Rc8 {[%emt 0:00:04]} 23. Nxf6 {[%emt 0:00:03]} Qxa4 {[%emt 0:00:02]} 24. Qxd6+ {[%emt 0:00:01]} Ka8 {[%emt 0:00:02]} 25. Qe6 {[%emt 0:00:08]} Nb4 {[%emt 0:00:02]} 26. cxb4 {[%emt 0:00:09]} cxb4+ {[%emt 0:00:01]} 27. Kb1 {[%emt 0:00:01]} b3 {[%emt 0:00:01]} 28. Qxb3 {[%emt 0:00:06]} Qxb3 {[%emt 0:00:01]} 29. Rc1 {[%emt 0:00:00]} Rcf8 {[%emt 0:00:04]} 30. Nhg4 {[%emt 0:00:01]} h5 {[%emt 0:00:01]} 31. Rc3 {[%emt 0:00:01]} Qa4 {[%emt 0:00:01]} 32. Rhc1 {[%emt 0:00:01]} Rb8 {[%emt 0:00:06] '} 33. f3 {[%emt 0:00:01]} a6 {[%emt 0:00:02]} 34. e3 {[%emt 0:00:00]} Ka7 {[%emt 0:00:01]} 35. Rc8 {[%emt 0:00:00]} Rbxc8 {[%emt 0:00:01]} 36. Rxc8 {[%emt 0:00:00]} Rxc8 {[%emt 0:00:01]} 37. Nd7 {[%emt 0:00:01]} Qc2+ {[%emt 0:00:01] Âðåìÿ (Lag: Av=0.21s, max=0.9s) .} 0-1

[Event "Stay Safe Play From Home 313"]
[Site "Emanuel Lasker Arena"]
[Date "2020.07.19"]
[Round "5"]
[White "Buzaglo"]
[Black "Bardellosport"]
[Result "0-1"]
[WhiteElo "1897"]
[BlackElo "2035"]
[Annotator "NA"]
[PlyCount "64"]
[EventDate "2020.07.19"]
[EventType "swiss (blitz)"]

1. d4 {[%emt 0:00:01]} d5 {[%emt 0:00:00]} 2. Nf3 {[%emt 0:00:00]} c6 {[%emt 0:00:00]} 3. g3 {[%emt 0:00:01]} e6 {[%emt 0:00:00]} 4. Bg2 {[%emt 0:00:00]} f5 {[%emt 0:00:00]} 5. O-O {[%emt 0:00:01]} Nf6 {[%emt 0:00:00]} 6. Nbd2 {[%emt 0:00:00]} Bd6 {[%emt 0:00:00]} 7. c4 {[%emt 0:00:00]} Qe7 {[%emt 0:00:00]} 8. c5 {[%emt 0:00:00]} Bc7 {[%emt 0:00:01]} 9. b4 {[%emt 0:00:02]} O-O {[%emt 0:00:00]} 10. e3 {[%emt 0:00:02]} Nbd7 {[%emt 0:00:01]} 11. a4 {[%emt 0:00:01]} Ne4 {[%emt 0:00:00]} 12. Nxe4 {[%emt 0:00:02]} fxe4 {[%emt 0:00:00]} 13. Nd2 {[%emt 0:00:00]} e5 {[%emt 0:00:00]} 14. f4 {[%emt 0:00:02]} exf3 {[%emt 0:00:01]} 15. Nxf3 {[%emt 0:00:01]} e4 {[%emt 0:00:00]} 16. Nd2 {[%emt 0:00:01]} Nf6 {[%emt 0:00:01]} 17. b5 {[%emt 0:00:02]} Bg4 {[%emt 0:00:00]} 18. Qc2 {[%emt 0:00:01]} Be2 {[%emt 0:00:02]} 19. Rf2 {[%emt 0:00:01]} Bd3 {[%emt 0:00:00]} 20. Qc3 {[%emt 0:00:01]} Ng4 {[%emt 0:00:01]} 21. Rxf8+ {[%emt 0:00:01]} Rxf8 {[%emt 0:00:01]} 22. Ba3 {[%emt 0:00:01]} Qf7 {[%emt 0:00:03]} 23. Qc1 {[%emt 0:00:10]} Qf2+ {[%emt 0:00:01]} 24. Kh1 {[%emt 0:00:01]} Nxe3 {[%emt 0:00:01]} 25. Qg1 {[%emt 0:00:01]} Qxd2 {[%emt 0:00:01]} 26. Rd1 {[%emt 0:00:03]} Nxd1 {[%emt 0:00:01]} 27. bxc6 {[%emt 0:00:03]} Nf2+ {[%emt 0:00:02]} 28. Qxf2 {[%emt 0:00:00]} Qxf2 {[%emt 0:00:01]} 29. h4 {[%emt 0:00:00]} Bf1 {[%emt 0:00:01]} 30. Bxf1 {[%emt 0:00:02]} Qxf1+ {[%emt 0:00:00]} 31. Kh2 {[%emt 0:00:00]} Qf2+ {[%emt 0:00:04]} 32. Kh3 {[%emt 0:00:00]} Qxg3# {[%emt 0:00:01] (Lag: Av=0.51s, max=1.2s)} 0-1

[Event "Stay Safe Play From Home 313"]
[Site "Emanuel Lasker Arena"]
[Date "2020.07.19"]
[Round "5"]
[White "NeatFox"]
[Black "SoulofWolf"]
[Result "1/2-1/2"]
[WhiteElo "1870"]
[BlackElo "2193"]
[Annotator "NA"]
[PlyCount "129"]
[EventDate "2020.07.19"]
[EventType "swiss (blitz)"]

1. g4 {[%emt 0:00:02]} e6 {[%emt 0:00:00]} 2. Bg2 {[%emt 0:00:00]} c5 {[%emt 0:00:00]} 3. c4 {[%emt 0:00:01]} d5 {[%emt 0:00:00]} 4. cxd5 {[%emt 0:00:01]} exd5 {[%emt 0:00:00]} 5. Qb3 {[%emt 0:00:02]} Be6 {[%emt 0:00:00]} 6. Qxb7 {[%emt 0:00:01]} Nd7 {[%emt 0:00:00]} 7. Nc3 {[%emt 0:00:01]} Rb8 {[%emt 0:00:01]} 8. Qxa7 {[%emt 0:00:01]} d4 {[%emt 0:00:01]} 9. Nd5 {[%emt 0:00:01]} Bd6 {[%emt 0:00:02]} 10. e4 {[%emt 0:00:06]} Ra8 {[%emt 0:00:01]} 11. Qb7 {[%emt 0:00:02]} Rb8 {[%emt 0:00:01]} 12. Qa6 {[%emt 0:00:01]} Bxd5 {[%emt 0:00:05]} 13. exd5 {[%emt 0:00:01]} Qe7+ {[%emt 0:00:02]} 14. Kf1 {[%emt 0:00:05]} Ngf6 {[%emt 0:00:00]} 15. g5 {[%emt 0:00:02]} Nh5 {[%emt 0:00:05]} 16. d3 {[%emt 0:00:01]} Nf4 {[%emt 0:00:01]} 17. Be4 {[%emt 0:00:01]} O-O {[%emt 0:00:02]} 18. Nf3 {[%emt 0:00:01]} Ng6 {[%emt 0:00:01]} 19. h4 {[%emt 0:00:01]} Ra8 {[%emt 0:00:00]} 20. Qc4 {[%emt 0:00:02]} Nde5 {[%emt 0:00:01]} 21. Nxe5 {[%emt 0:00:01]} Nxe5 {[%emt 0:00:00]} 22. Qc2 {[%emt 0:00:01]} c4 {[%emt 0:00:01]} 23. dxc4 {[%emt 0:00:01]} g6 {[%emt 0:00:00]} 24. f3 {[%emt 0:00:01]} d3 {[%emt 0:00:02]} 25. Qd2 {[%emt 0:00:01]} Nxc4 {[%emt 0:00:01]} 26. Qxd3 {[%emt 0:00:02]} Ne5 {[%emt 0:00:01]} 27. Qc2 {[%emt 0:00:01]} Qa7 {[%emt 0:00:02]} 28. Qf2 {[%emt 0:00:01]} Qa6+ {[%emt 0:00:01]} 29. Kg1 {[%emt 0:00:03]} Qa5 {[%emt 0:00:02]} 30. Bd2 {[%emt 0:00:01]} Qa4 {[%emt 0:00:01]} 31. b3 {[%emt 0:00:01]} Qa3 {[%emt 0:00:01]} 32. Bc3 {[%emt 0:00:01]} Bc5 {[%emt 0:00:01]} 33. Bd4 {[%emt 0:00:02]} Bxd4 {[%emt 0:00:01]} 34. Qxd4 {[%emt 0:00:00]} Rfe8 {[%emt 0:00:01]} 35. f4 {[%emt 0:00:01]} Nd7 {[%emt 0:00:03]} 36. d6 {[%emt 0:00:01]} Qa7 {[%emt 0:00:03]} 37. Qxa7 {[%emt 0:00:01]} Rxa7 {[%emt 0:00:00]} 38. Bd5 {[%emt 0:00:00]} Nb6 {[%emt 0:00:01]} 39. Bc4 {[%emt 0:00:01]} Rd7 {[%emt 0:00:00]} 40. Bb5 {[%emt 0:00:01]} Red8 {[%emt 0:00:01]} 41. Bxd7 {[%emt 0:00:00]} Rxd7 {[%emt 0:00:00]} 42. Rd1 {[%emt 0:00:01]} Kg7 {[%emt 0:00:00]} 43. Kf2 {[%emt 0:00:00]} Nc8 {[%emt 0:00:00]} 44. Kf3 {[%emt 0:00:01]} Nb6 {[%emt 0:00:01]} 45. Rd2 {[%emt 0:00:00]} h5 {[%emt 0:00:01]} 46. Rhd1 {[%emt 0:00:00]} Nc8 {[%emt 0:00:01]} 47. Ke4 {[%emt 0:00:00]} Nb6 {[%emt 0:00:01]} 48. Rd5 {[%emt 0:00:00]} Nxd5 {[%emt 0:00:01]} 49. Rxd5 {[%emt 0:00:01]} f5+ {[%emt 0:00:00]} 50. Kd4 {[%emt 0:00:00]} Kf7 {[%emt 0:00:01]} 51. Kc5 {[%emt 0:00:00]} Ke6 {[%emt 0:00:00]} 52. Kc6 {[%emt 0:00:00]} Rd8 {[%emt 0:00:01]} 53. d7 {[%emt 0:00:00]} Ke7 {[%emt 0:00:00]} 54. Kc7 {[%emt 0:00:00]} Ra8 {[%emt 0:00:01]} 55. d8=Q+ {[%emt 0:00:00]} Rxd8 {[%emt 0:00:01]} 56. Rxd8 {[%emt 0:00:00]} Ke6 {[%emt 0:00:00]} 57. Rd6+ {[%emt 0:00:01]} Kf7 {[%emt 0:00:00]} 58. Rxg6 {[%emt 0:00:00]} Kxg6 {[%emt 0:00:01]} 59. Kd6 {[%emt 0:00:00]} Kf7 {[%emt 0:00:00]} 60. b4 {[%emt 0:00:00]} Kg6 {[%emt 0:00:00]} 61. b5 {[%emt 0:00:01]} Kf7 {[%emt 0:00:00]} 62. b6 {[%emt 0:00:00]} Kg6 {[%emt 0:00:00]} 63. b7 {[%emt 0:00:00]} Kf7 {[%emt 0:00:00]} 64. b8=Q {[%emt 0:00:00]} Kg6 {[%emt 0:00:00]} 65. Qc7 {[%emt 0:00:00] (Lag: Av=0.35s, max=1.1s)} 1/2-1/2

[Event "Stay Safe Play From Home 313"]
[Site "Emanuel Lasker Arena"]
[Date "2020.07.19"]
[Round "6"]
[White "SoulofWolf"]
[Black "Tumnik_ad"]
[Result "1-0"]
[WhiteElo "2180"]
[BlackElo "1930"]
[Annotator "TA"]
[PlyCount "105"]
[EventDate "2020.07.19"]
[EventType "swiss (blitz)"]

{[%evp 9,105,0,44,29,43,-27,36,21,13,16,25,38,8,-114,-98,-406,-144,-134,-127,-146,-99,-152,-98,-107,-85,-88,-62,-62,-62,-65,-66,-65,-63,-62,-61,-69,-61,-55,-59,-77,-70,-93,-78,-84,-84,-140,-108,-139,-137,-135,-89,-84,-89,-90,-51,-51,-55,-54,-45,-47,-17,-16,-18,-20,-20,-50,0,-8,0,-29,0,0,0,0,0,0,0,0,0,0,0,0,26,0,24,0,0,0,66,26,183,66,1039,74,874,462,352,333]} 1. e4 e6 2. Nc3 b6 3. f4 Bb7 4. Nf3 Bb4 5. Bd3 Nf6 6. Qe2 {C00: French: Unusual White 2nd moves.} (6. e5 $5 {[%cal Re5f6]}) 6... Nc6 {[#]} 7. O-O $146 (7. e5 $14) ({Predecessor:} 7. a3 Be7 8. O-O d6 9. b4 a5 10. b5 Nb8 11. Bb2 Nbd7 12. Nd4 Nc5 13. f5 {1-0 (36) Will,D (1989)-Mollison,J (1910) Glasgow 2008}) 7... Ng4 (7... Bd6 $11) 8. a3 {White is slightly better.} Bc5+ 9. Kh1 h5 10. b4 Nd4 11. Nxd4 (11. Qe1 $1 $11 {was the only way to keep the balance.} Nxf3 12. gxf3) 11... Bxd4 $17 12. Bb2 $2 {[%mdl 8192] [#]} (12. Qe1 $17) 12... Qh4 $2 (12... Nxh2 $1 $19 {[%mdl 512] is more deadly.} 13. g3 (13. Kxh2 Qh4#) 13... Nxf1 14. Rxf1 h4) 13. g3 Qh3 14. Qg2 Qxg2+ 15. Kxg2 h4 (15... f5 $142 $1 16. Rab1 O-O-O) 16. h3 Nf6 {And now ...Bxc3 would win.} 17. g4 Bxc3 18. Bxc3 Nxe4 19. Bxe4 Bxe4+ 20. Kf2 f6 21. d3 Bd5 22. Bd4 Rc8 23. c4 Bb7 24. c5 bxc5 25. bxc5 Ba6 26. Rfd1 O-O 27. Kf3 (27. Bc3 $142) 27... Rb8 28. Bf2 Bb7+ 29. Ke2 Bd5 30. Bxh4 Rb2+ 31. Rd2 Rxd2+ 32. Kxd2 {[%mdl 4096] Endgame KRB-KRB} Rb8 33. Rc1 Rb2+ 34. Rc2 $1 {[%cal Rc2b2]} Rxc2+ (34... Rb5 {with more complications.} 35. Bf2 Ra5 36. Rc3 Kf7 37. Kc1 Kg6) 35. Kxc2 $15 {KB-KB} Bg2 36. Bf2 Bxh3 37. g5 f5 38. Be3 a6 39. Kc3 c6 40. Kb4 Kf7 41. Ka5 Bf1 42. d4 Bb5 43. Kb6 Bc4 44. Kc7 Ke7 45. Bd2 Bb5 46. Ba5 Bd3 47. Bb6 Be2 48. Kc8 Bf1 (48... g6 $11) 49. Bd8+ Kf7 $2 {[#]} (49... Ke8 $11) 50. Kxd7 (50. a4 $18) 50... Kg6 $2 {[%mdl 8192]} (50... Bb5 $14) 51. Kc7 $2 (51. Kxc6 $18 Kf7 52. Kd7) 51... Kh5 $2 {[%mdl 8192]} (51... Bb5 $16) 52. Be7 Kg4 53. Bd6 {Quite a comeback for White. Accuracy: White = 62%, Black = 53%.} ({Not} 53. Kxc6 Kxf4 54. Kd6 Ke4 $18) 1-0

[Event "Stay Safe Play From Home 313"]
[Site "Emanuel Lasker Arena"]
[Date "2020.07.19"]
[Round "6"]
[White "Bardellosport"]
[Black "NeatFox"]
[Result "1-0"]
[WhiteElo "2045"]
[BlackElo "1883"]
[Annotator "TA"]
[PlyCount "111"]
[EventDate "2020.07.19"]
[EventType "swiss (blitz)"]

{[%evp 9,110,5,14,0,1,-7,18,15,60,54,103,86,81,61,122,39,90,88,101,41,51,44,54,10,49,-22,458,461,533,457,470,0,0,0,2,0,0,0,0,0,0,-293,-285,-244,0,0,0,0,38,0,8,0,39,40,52,0,0,-92,-82,-137,-141,-149,62,0,75,-29993,112,112,29992,29993,29993,29994,29996,29997,29997,29992,29992,29993,29993,29993,29994,29995,29995,29993,29994,29993,29993,29994,29994,29994,29994,29994,29995,29996,29996,29997,29997,29998,29998,29998,29998,29999,29999]} 1. d4 c6 2. e3 d5 3. f4 g6 4. Nf3 Bg7 5. Bd3 Nf6 {[#]} 6. Qe2 $146 {D00: 1 d4 d5: Unusual lines.} ({Predecessor:} 6. c3 O-O 7. O-O Nbd7 8. Nbd2 c5 9. Ne5 Qc7 10. Qf3 b6 11. a4 a6 12. h3 {0-1 (62) Malakhova,E (2281)-Khegay,D (2528) chess.com INT 2020}) 6... O-O 7. c3 e6 8. Nbd2 {The position is equal.} Bd7 9. Ne5 Na6 10. Bxa6 (10. a4 {with more complications.} Ne8 11. b3 f6 12. Nef3 Rf7 13. O-O) 10... bxa6 11. Qxa6 Bc8 (11... Qb6 $14 12. Qd3 Rfd8) 12. Qe2 (12. Qxc6 $16 Rb8 13. O-O) 12... Bb7 (12... c5 $14) 13. O-O $16 Rc8 14. g4 (14. b4 $16) 14... c5 $1 $14 15. g5 Nd7 16. Qg2 Nxe5 17. dxe5 ({White should play} 17. fxe5 $14 Ba6 18. Rf3) 17... d4 $2 {[%mdl 8192]} (17... Qc7 $11) 18. Qxb7 $18 dxe3 19. Nf3 Qd3 20. Qb3 $2 ({White should try} 20. Ne1 $18 Qd1 21. Ng2) 20... e2 $11 {[%csl Gd3][%cal Re2f1]} 21. Re1 {And now Kf2 would win.} Qxf3 22. Qc2 Qg4+ 23. Kh1 Qf3+ 24. Kg1 Qg4+ 25. Kf2 $2 {[%mdl 8192]} (25. Kh1 $11 {and White is okay.}) 25... Qh4+ $19 {[%mdl 64] Double Attack} 26. Kxe2 Rfd8 $2 (26... Qxh2+ $19 27. Kd1 Rfd8+ 28. Bd2 Rd7) 27. Kf1 $11 Qh3+ 28. Qg2 Qd3+ 29. Qe2 Qh3+ 30. Kg1 Rd3 31. Be3 Rcd8 32. Qf2 (32. Bxc5 $14 Rd2 33. Rad1 Rxd1 34. Rxd1 Rxd1+ 35. Qxd1) 32... h6 33. Re2 (33. gxh6 $11 {keeps the balance.} Bxh6 34. Rab1) 33... hxg5 $17 34. fxg5 (34. Rae1 $142) 34... Bxe5 35. Rf1 {[#]} Rd1 $2 ({Better is} 35... Bxh2+ $1 $17 {[%mdl 512]} 36. Qxh2 Rxe3) 36. Qxf7+ $14 {[%mdl 64] Double Attack} Kh8 37. Qf2 $2 {[%mdl 8192] [#]} (37. Bd2 $16 Qh5 38. Rg2) 37... Rxf1+ $2 (37... Bxh2+ $1 {[%mdl 512] mates} 38. Kh1 (38. Qxh2 Rxf1#) 38... Rxf1+ 39. Qxf1 Qxf1+ 40. Kxh2 Qxe2+ {[%mdl 64] Double Attack} 41. Kh1 Qxe3 42. c4 Rd2 43. b3 Qe1#) 38. Qxf1 $16 Rg8 $2 {[%mdl 8192]} (38... Qg4+ $16 39. Kh1 (39. Rg2 Qa4 $14) 39... a6) 39. Qxh3+ {White mates.} Kg7 40. Qxe6 Rh8 41. Qxe5+ {[%mdl 64] Double Attack} Kh7 {[#]} 42. Qxh8+ $3 Kxh8 43. Bxc5 Kg7 44. Re7+ Kf8 45. Rxa7+ Kg8 46. Ra6 Kh8 47. Kf2 Kh7 48. Kf3 Kh8 49. Kg4 Kh7 50. Kf4 Kh8 51. Ke5 Kg7 52. Ra7+ Kh8 53. Kf6 Kg8 54. Rb7 Kh8 55. Kxg6 {[%cal Rb7b8]} Kg8 56. Rb8# {What a fight! Accuracy: White = 47%, Black = 44%.} 1-0

[Event "Stay Safe Play From Home 313"]
[Site "Emanuel Lasker Arena"]
[Date "2020.07.19"]
[Round "6"]
[White "Haxhi Baha"]
[Black "Rogan"]
[Result "1-0"]
[WhiteElo "1961"]
[BlackElo "2231"]
[Annotator "TA"]
[PlyCount "93"]
[EventDate "2020.07.19"]
[EventType "swiss (blitz)"]

{[%evp 10,92,12,0,54,60,60,26,40,25,46,49,50,38,71,98,99,74,80,16,84,83,156,101,102,101,115,68,241,116,297,168,536,336,325,-26,306,216,229,215,226,210,1112,1099,1106,1032,840,790,683,374,368,263,309,288,310,302,311,302,302,291,266,235,386,373,523,417,665,647,825,783,1549,755,5610,1906,6601,6621,29986,29987,29987,0,29996,29997,29998,29999,29999]} 1. e4 d5 2. exd5 Nf6 3. Nc3 Nxd5 4. Qf3 c6 5. Bc4 e6 6. Nge2 {[#]} Qe7 $146 {B02: Alekhine's Defence: Chase Variation and lines with early Nc3.} (6... Nd7 $11) ({Predecessor:} 6... Nd7 7. d4 b6 8. O-O N7f6 9. Qg3 Qd6 10. Bxd5 Nxd5 11. Nf4 Nxc3 12. bxc3 Bb7 13. a4 Qc7 14. a5 O-O-O 15. axb6 axb6 {1-0 (52) Toufighi,H (2478)-Megaranto,S (2553) Subic Bay 2009}) 7. d4 $14 Nd7 8. Bb3 (8. O-O {looks sharper.} Qf6 9. Qd3 Be7 10. Ne4 Qg6 11. Nf4) 8... Nxc3 {White has an edge.} 9. bxc3 Nf6 10. Bg5 h6 11. Bh4 g5 12. Bg3 Bg7 13. O-O O-O 14. h3 (14. Be5 $16) 14... Nd5 (14... b6 $11 {keeps the balance.}) 15. c4 $16 Nb6 ({Black should try} 15... Nf6) 16. c3 ({Better is} 16. c5 Nd7 17. Bd6 {[%mdl 64] Skewer}) 16... e5 17. c5 Nd7 18. Qd3 exd4 $2 {[#]} ({Black should play} 18... b6 $14) 19. cxd4 (19. Bc2 $1 $18 {[%csl Gc2][%cal Rd3h7] is the precise move to win.} f5 20. Bd6 {[%mdl 64] Skewer} (20. cxd4 Re8 $16) (20. Nxd4 Nxc5 21. Qc4+ Rf7 $11)) 19... Kh8 $2 (19... Re8 $16) 20. f4 $40 {[%mdl 128] Black is in trouble.} (20. Bd6 $142 Qf6 21. Bc2) 20... f6 $2 (20... g4 {is more resistant.}) 21. Bc2 {[%csl Gc2][%cal Rd3h7]} f5 22. Nc3 $2 (22. fxg5 $18 {Black must now prevent Nf4.} hxg5 23. Bd6) 22... Nf6 $2 {[%mdl 8192]} (22... Nxc5 $1 $11 23. dxc5 Qxc5+ {[%mdl 64] Double Attack} 24. Bf2 Qxc3 25. Qxc3 Bxc3) 23. Rae1 Qf7 24. fxg5 hxg5 25. Be5 Ne4 $2 (25... b6 26. Bb3 Qg6) 26. Nxe4 $18 Bxe5 27. Nxg5 Qh5 28. Rxe5 Qxg5 29. g4 Bd7 30. Qf3 Rad8 31. Bxf5 Bxf5 32. Rxf5 Rxf5 33. Qxf5 Qxf5 34. Rxf5 Rxd4 {[%mdl 4096] Endgame KR-KR} 35. Rf7 Rd1+ $2 (35... b6 36. Rxa7 bxc5) 36. Kg2 Rb1 (36... b5 $142 37. Rxa7 Rd5) 37. Rc7 Rb5 (37... b5 $142 38. Kf3 Rb2 39. Rxa7 Rc2) 38. h4 Rxc5 39. Rxb7 Rc2+ 40. Kg3 Rxa2 41. h5 (41. g5 $142 a5 42. h5) 41... Ra5 42. Kh4 c5 43. h6 c4 44. g5 $2 (44. Rc7 {mates} Rb5 45. g5 c3 46. Kh5 c2 47. Rxc2 a6 48. Rc7 Rb8 49. h7) 44... c3 $2 {[%mdl 8192] [#]} (44... Rc5 $11) 45. g6 {[%cal Rb7b8] White mates.} Rb5 46. Rxb5 {[%cal Rb5b8]} Kg8 47. Rb8# {Accuracy: White = 54%, Black = 26%.} 1-0